| 000 | 00746nam a2200181 i 4500 | ||
|---|---|---|---|
| 001 | 167019 | ||
| 003 | ES-MaACL | ||
| 005 | 20230906213437.0 | ||
| 008 | 000128s1869 po |||| |cpor d | ||
| 100 | 1 |
_aVasconcelos, A. A. Teixeira de ( _d1816-1878 ) _9149527 |
|
| 245 | 1 | 0 |
_aGlorias portuguezas / _cpor A. A. Teixeira de Vasconcellos. |
| 260 |
_aLisboa : _b[s.n.], _c1869 ( _fTypographia Portugueza) |
||
| 300 |
_av. ; _c23 cm. |
||
| 505 | 8 | _aContiene: t. I. Silvestre Pinheiro Ferreira ; José Corrêa da Serra ; O Duque de Lafões, D. João ; A Marqueza de Alorna (XVI, 159 p.) | |
| 650 | 4 |
_aCelebridades- _zPortugal. _9224487 |
|
| 852 |
_aES-MaACL _jG-8481 _z. - Enc. pasta española _q. - Contiene únicamente t. I |
||
| 999 |
_c167019 _d167019 |
||